000 00665nam a2200217Ia 4500
003 GCL
008 140319s9999 xx 000 0 ara d
040 _aGCL /
_cGCL
082 0 4 _a194
_bب ع
100 1 _aحبيب الشارونى
245 1 0 _aالعين والعقل l'oeil et l'esprit /
_cحبيب الشارونى
700 1 _aبونتى، موريس ميرك
260 _a[S.N] :
_bمكتبه النهضه المصريه ،
_c1989
300 _a93
490 _a
650 0 4 _aالفلسفة
650 0 4 _aالفلسفة الحديثة
650 0 4 _aالفلسفة الغربية
650 0 4 _aالفلسفة الفرنسية
942 _2ddc
_cBK
999 _c32285
_d32285